| 000 | 00453nam a22001457a 4500 | ||
|---|---|---|---|
| 020 | _a0132271575 | ||
| 082 |
_a330.01 _bBAU _cD |
||
| 245 |
_aEconomic theory and operations analysis _cPrentice Hall International in Management |
||
| 250 | _a3rd | ||
| 260 |
_aUnited Kingdom _bPrentice Hall International in Management _c1972 |
||
| 300 |
_a626 p. : _bill, ; _c20 cm. |
||
| 526 |
_a0 _b0 _c0 _d338_500000000000000_BAU |
||
| 650 |
_aMCE _9379 |
||
| 942 |
_2ddc _cBK |
||
| 999 |
_c542118 _d542118 |
||